| 000 | 00686nam a22002297a 4500 | ||
|---|---|---|---|
| 001 | 10388 | ||
| 003 | BD-JhCC | ||
| 005 | 20250730130331.0 | ||
| 008 | 180425b2016 bg ||||| |||| 00| 0 eng d | ||
| 020 | _a9847016700436 | ||
| 035 | _a(BD-JhCC)10388 | ||
| 040 |
_aBD-JhCC _dBD-JhCC |
||
| 041 | _aben | ||
| 082 |
_a891.4409 _bDOT 2016 |
||
| 100 | _aদত্ত, মাইকেল মধুসূদন | ||
| 245 |
_aমেঘনাদবধ কাব্য / _cমাইকেল মধুসূদন দত্ত |
||
| 260 |
_aঢাকা : _bরহমান বুকস, _c2016. |
||
| 300 |
_a198 p. : _c22 cm. |
||
| 650 | _aBengali Epic | ||
| 942 |
_2ddc _cBK |
||
| 999 |
_c10388 _d10388 |
||